| 000 | 00383 a2200121 4500 | ||
|---|---|---|---|
| 020 | _a0072435801 (alk. paper) | ||
| 082 | _a692.5 PEU | ||
| 100 | _aPeurifoy, R. L. | ||
| 245 |
_aEstimating construction costs / _cRobert L. Peurifoy, Garold D. Oberlender. |
||
| 250 | _a5th ed. | ||
| 260 |
_aBoston : _bMcGraw-Hill, _c2002. |
||
| 300 |
_axvi, 560 p. : _bill. ; _c25 cm. |
||
| 650 |
_aBuilding _xEstimates _zUnited States. |
||
| 999 |
_c1881 _d1881 |
||